[Event "Euwe - Soest  61/2-11/2"]
[Site "?"]
[Date "2005.11.26"]
[Round "4"]
[White "Witt, Rob"]
[Black "Loeber, Roderick"]
[Result "1-0"]
[WhiteElo "2247"]
[BlackElo "2011"]
[PlyCount "101"]
[EventDate "2005.??.??"]

1. Nf3 d5 2. d4 Nf6 3. c4 c6 4. e3 {Ik had gezien dat mijn tegenstander 3-3
had en besloot eventuele voorbereiding op mijn gebruikelijke Dc2 of Pc3 uit de
weg te gaan.} e6 {Een van de vele mogelijkheden. de zet wordt meestal gespeeld
door spelers die op 4.Pc3 overgaan naar de Meraner.} 5. Bd3 Bd6 6. O-O O-O 7.
Nbd2 Nbd7 8. e4 {11'} dxe4 {14' Deze stelling heb ik wel vaker gehad en bevalt
me goed voor wit. Beter is volgens mij} (8... e5 $5 {wat Prakken van DD een
keer tegen mij speelde, overigens zonder succes.}) 9. Nxe4 Nxe4 10. Bxe4 {
Meestal wordt h6 of Pf6 gespeeld.} f5 $6 {27' Een wat vreemd ogende zet
waarmee tot mijn verbazing toch 146 partijen in mijn database staan.} 11. Bc2
Qf6 $6 {49' Ongebruikelijk. Meestal volgt} (11... e5 12. Bg5 {Dit lijkt me de
beste. Tijdens de partij dacht ik dat het alternatief c5 ook in aanmerking
kwam.} (12. c5 Be7 (12... Bc7 13. Bb3+ Kh8 14. Ng5 $18 {en er dreigt zowel Pe6
als Pf7.}) 13. Bb3+ (13. dxe5 Nxc5 14. Qe2 $14) 13... Kh8 14. Nxe5 Nxe5 15.
dxe5 Bxc5 16. Qxd8 Rxd8 17. Bf4 $14) 12... Be7 (12... Qa5 13. c5 Bb8 {en nu
lijkt me} 14. Nh4 $1 {heel sterk.}) 13. Bxe7 Qxe7 14. Nxe5 Nxe5 15. Re1 Qb4 16.
Rxe5 Qxb2 17. c5 $16 {Kortschnoj-Zhu Chen, Bad Homburg 1998}) 12. c5 $1 {
24' Nieuw, en lijkt me nog sterker dan de zetten die hier eerder gespeeld zijn
Lg5 of Te1.} Bc7 13. Ng5 $1 {33' Dreigt Pxe6.} Re8 {57'} ({Vooral niet} 13...
Kh8 $2 14. Bb3 Re8 15. Qh5 Qg6 16. Qxg6 hxg6 17. Nxe6 $18) 14. Re1 {41'} ({
Mijn oorspronkelijke bedoeling was} 14. Qh5 Qg6 15. Qxg6 hxg6 16. Bb3 {en wit
staat natuurlijk heel goed, maar het is niet makkelijk om verder te komen. In
deze stelling zou ik liever nog de dames op het bord hebben. Desondanks had ik
voor deze speelwijze moeten kiezen.}) 14... Nf8 15. Bb3 {51'} h6 {1.06'} 16.
Nf3 Ng6 17. Bd2 {55'} Kh8 $6 {1.16' Het is begrijpelijk dat zwart met zijn
koning zo snel mogelijk uit de penning wil, maar nodig was het niet. Zwart
moet proberen een zijn paard naar d5 te brengen. Beter lijkt me daarom} (17...
Bd7 18. Bc3 Nf4 19. Ne5 Rad8 20. Qf3 Nd5 {en zwart staat passief maar heel
solide.}) 18. Bc3 {60'} Nf4 $2 {1.29' Zwart probeert het alsnog, maar dit
blijkt niet mogelijk.} (18... Qd8) 19. g3 $2 {1.09' Slecht rekenwerk.} ({
Natuurlijk heb ik gekeken naar} 19. d5 $1 Qg6 20. Nh4 Qg5 21. d6 {maar ik
verwierp het wegens} Bxd6 $2 ({Het enige is} 21... Qxh4 {maar na} 22. dxc7 Qg5
23. Qf3 Nd5 24. Bxd5 cxd5 25. Be5 {staat wit als een vorst.}) 22. Qxd6 Qxh4 (
22... Nh3+ $2 23. Kf1 Nxf2 24. Nf3 $18) 23. g3 Nh3+ 24. Kg2 Qh5 {en nu had ik
overzien dat ik gewoon een stuk win met Ld1 nu of op de volgende zet.
Waarschijnlijk heb ik ook niet dieper gekeken omdat ik de stelling in de
partij ook heel prettig vond.} 25. Qc7 Rg8 26. Bd1 $18) 19... Nd5 20. Bxd5 {
nog 50' over.} ({Ik snap niet waaorom Fritz de voorkeur geeft aan} 20. Ne5)
20... cxd5 {Zwart nog 30'. Ik was me er hier niet van bewust dat ik iets
gemist had en was zeer tevreden over mijn spel en mijn stelling. Ach ja, domme
mensen zijn vaak gelukkiger dan de allesweters. Dat doet me denken aan Robbie
Hartoch. Die speelde vroeger vaak met veel plezier en succes de Benoni. Toen
ging hij het met Hans Ree analyseren, met als resultaat dat hij de Benoni niet
meer durfde te spelen. Hij zag overal problemen.} 21. Qa4 $6 {42' Het zou
natuurlijk prettig zijn als ik de zwartveldige lopers kon ruilen, maar ik zag
geen overtuigende methode om dat te realiseren. Fritz ziet het wel, met behulp
van een pionoffer.} (21. Bd2 $1 Qg6 (21... g5 $2 22. Nxg5 $1) 22. Kh1 $1 ({
Ook goed maar lastiger is} 22. Qc1 {niet aan gedacht} Qh5 23. Bf4) 22... Qg4
23. Bf4 $1 Bxf4 (23... Ba5 24. b4 $1) 24. gxf4 Qxf4 $2 {Maar na andere zetten
staat wit positioneel gewonnen.} 25. Ne5 Kg8 26. Qh5 Re7 27. Ng6 Qc7 28. Nxe7+
Qxe7 29. Qxf5 {met gewonnen stelling.}) 21... Rf8 {24'} 22. Ba5 Bb8 {20'} 23.
Qc2 {30'} (23. c6 $5 f4 24. c7 (24. g4 $5 {niet serieus naar gekeken.} Qg6 25.
h3 Qe8 26. Bb4 Rg8 27. Rac1 bxc6 28. Qxc6 Qxc6 29. Rxc6 Bd7 30. Ra6 {Dit ziet
er toch heel aardig uit voor wit.}) 24... fxg3 25. Re3 gxf2+ 26. Kxf2 b6 (26...
Qf4 27. cxb8=Q Rxb8 28. Rg1 Qxh2+ 29. Rg2 Qf4 30. Bb4 Qxd4 31. Qb5 $1 $18) 27.
cxb8=Q Rxb8 {Tot hier had ik ongeveer gekeken en besloten dat het nodeloos
ingewikkeld was. Ik denk wel dat wit goed staat, maar het is al niet duidelijk
wat nu wit's beste loperzet is. Vermoedelijk is dat} 28. Bb4 $5 {Bijv.} Qxd4
29. Qa3 $16) 23... Bd7 {18'} 24. Ne5 Be8 {13'} ({Ik verwachtte hier} 24... Bxe5
$5 25. Rxe5 f4 26. Bc7 Be8 27. Bd6 Bg6 28. Qd2 $14) 25. f4 {27'} g5 {11'} 26.
Qf2 {23'} Rg8 {8'} 27. Kh1 {21'} Rg7 28. Qe3 $6 {19'} (28. Bd2 $5) 28... Bxe5 {
7'} 29. Qxe5 $6 {15'} (29. fxg5 $5 hxg5 30. Qxe5 Qxe5 31. Rxe5 Bd7 32. h3 $14)
29... Qxe5 30. Rxe5 Bd7 $6 {6'} (30... gxf4 31. Rxe6 fxg3 32. Rxh6+ Kg8 33.
hxg3 Rxg3 34. Bc7 Rg6 35. Rg1 {Wit staat nog steeds beter maar de winst is
problematisch.}) 31. Rf1 {13'} (31. Bd2) 31... gxf4 {4'} (31... b6) 32. Rxf4
Rag8 33. Bd2 {10'} Kh7 34. Rf3 Rg4 $6 35. Bf4 Rc8 $2 {2' Plotseling verliest
zwart een pion.} 36. Rb3 $1 {7'} b6 37. cxb6 axb6 38. Rxb6 Rc4 39. Rb7 Rg7 40.
Re1 {4' De zwarte tijdnood heeft een pionnetje opgeleverd. Wit moet gewonnen
staan.} Kg6 41. Be5 Rf7 42. h4 {nog 51'} f4 $2 {nog 55' Niet goed, maar met
passief spel verliest hij ook.} 43. Rf1 ({Ook goed was om op de vrije a-pion
te spelen. Ik wilde echter matzetten.} 43. gxf4 Rc2 44. Rg1+ Kh5 45. a4 Be8 46.
Rb8 Re7 (46... Bxa4 47. Rh8 $18) 47. a5 Bg6 48. Ra1 Ra7 49. b4) 43... Kh5 {52'}
({Ook kansloos is} 43... f3 44. g4 h5 45. g5 Rc2 46. Rb8 Rc8 47. Rb3) 44. Kg2 {
43'} Rc2+ {Omdat zwart toch niks beters heeft te doen gaat hij meehelpen aan
het mat.} (44... Kg4 45. gxf4 Rc2+ 46. Rf2 Rxf2+ 47. Kxf2 Kxh4 48. b3 Kg4 49.
a4 $18) 45. Kh3 f3 {41'} 46. Rb3 {37'} ({Teamleider Sander dacht een mat te
zien beginnende met} 46. Rxd7 Rxd7 47. Rxf3 (47. g4+ Kg6 48. h5+ Kh7 49. Rxf3
Rxb2 50. Rf8 Rg7 51. a4 $16) 47... Kg6 48. Rf6+ Kh7 49. Kg4 Rxb2 50. Kh5 {
Het wordt geen mat maar ik denk wel dat het wint.}) 46... Ba4 $2 {36' zelfde
commentaar als bij zet 44.} 47. Rbxf3 ({Nauwkeuriger was} 47. g4+ Kg6 48. h5+
Kh7 49. Rb8 Rg7 50. Rxf3) 47... Rxf3 48. Rxf3 Rxb2 $2 {Zelfde commentaar als
bij zet 42.} (48... Kg6 49. Rf6+ Kh7 50. h5 Kg8 51. Rxh6 {enz.}) 49. g4+ Kg6
50. h5+ Kh7 51. Rf8 {en zwart gaf op. De wedstrijd eindigde in een
comfortabele 61/2-11/2 overwinning waarbij het hier en daar wel heeft
meegezeten. Arne, als winnaar aan het hoogste bord, mocht een restaurant
voorstellen en tot mijn vreugde koos hij voor de voortreffelijke
Szechuan-Chinees in de Albert Cuypstraat. Chinees-hater Tigran ("wat moet ik
daar in godsnaam bestellen?") moest toegeven dat het deze keer minder smerig
was dan de vorige keer. De enige domper deze dag was dat concurrent DD opnieuw
had gewonnen.} 1-0

[Event "KNSB-beker"]
[Site "?"]
[Date "2005.12.15"]
[Round "1"]
[White "Monteban, Martijn"]
[Black "Witt, Rob"]
[Result "1-0"]
[WhiteElo "2249"]
[BlackElo "2247"]
[Annotator "Witt,Rob"]
[PlyCount "107"]
[EventDate "2005.12.16"]

{Vooraf beloofde de wedstrijd De Eenhoorn-Euwe voor de knsb-beker een
spannende aangelegenheid te worden. Gelukkig hoefden we niet naar Hoorn omdat
alle tegenstanders in Amsterdam wonen. Helaas was dat ons enige geluk deze
avond. Tot verbazing van vriend en vijand werden we met 4-0 in de pan gehakt.
Ik moest aan bord 1 tegen hun knsb topscorer Monteban. Een sterke speler met
een rustige stijl. Soms te rustig zoals in deze partij. Alles verliep
aanvankelijk naar wens. Eén moment van onoplettendheid werd mij echter fataal.
Daarna kreeg ik nog kansen om in de partij te blijven, maar die waren niet aan
mij besteed. Tot drie keer toe mis ik de zet Pf5. De eerste keer kostte het
een pion, de tweede keer had het weer een pion moeten kosten en de derde keer
kostte het een toren. Knoeiwerk dus.} 1. Nf3 {Een kleine verrassing, want
meestal opent Martijn 1.d4. Wellicht wilde hij het Aangenomen Damegambiet
vermijden dat ik twee keer speelde in ACT en wat Martijn zelf ook graag met
zwart speelt.} Nf6 2. g3 d5 3. Bg2 c5 {Ik besloot over te gaan naar de
Tarrasch, de enige correcte vorm van het Damegambiet volgens de oude Siegbert.}
({Meestal speel ik} 3... c6 4. O-O Bg4 {maar misschien heeft hij dat
voorbereid, hoewel dat in de knsb-beker onwaarschijnlijk is. Ieder van ons had
op bord 1 kunnen zitten en bovendien wordt er om de kleur geloot.}) 4. O-O Nc6
5. d4 e6 6. c4 Be7 ({Een zeer interessant alternatief was} 6... dxc4 7. Qa4 Bd7
8. Qxc4 b5 9. Qd3 ({Niet goed is} 9. Qxb5 $2 Nxd4 10. Qd3 ({Hodgson speelde
eens het krankzinnige dameoffer} 10. Nxd4 Bxb5 11. Nxb5 {wat me niks lijkt na}
Nd5) 10... Bb5 $17) 9... Rc8 10. dxc5 Bxc5 11. Nc3 b4 {en ik heb niet het idee
dat wit veel heeft. Ik had echter besloten om Tarrasch te spelen.}) 7. cxd5
exd5 8. dxc5 $5 {Een gevaarlijke zijvariant die o.a. een aantal keren door
Kasparov gespeeld is. 8.Pc3 0-0 9.Lg5 leidt tot de hoofdvariant van de
Tarrasch.} Bxc5 9. Nbd2 $6 {Maar dit is onschuldig. De gevaarlijke varianten
beginnen met 9.Lg5 of 9.Dc2. De laatste heb ik zelf een paar keer gespeeld.}
O-O ({Beter dan} 9... d4 $6 10. Nb3 Bb6 11. Qd3 {bekend van de klassieker
Lasker-Tarrasch, St. Petersburg 1914.}) 10. Nb3 Bb6 $1 {Veel beter dan Le7.}
11. Nfd4 {Wit wil een loper op e3 zetten. Een ander idee is} (11. Nbd4 {
om de loper naar b2 te ontwikkelen.} Re8 12. b3 Bg4 13. Bb2 Rc8 {maar ook dit
is niks voor wit.}) 11... Bg4 {Dit blijkt ongebruikelijk te zijn.} ({Normaal is
} 11... Re8 {bijv.} 12. Bg5 ({of} 12. Re1 $6 Ng4 13. e3 Qf6 14. Rf1 $15 {
Euwe-Lundin, Groningen 1946 (62.1/2-1/2).}) 12... h6 13. Bxf6 Qxf6 14. e3 $11 {
Rogers-Anand, London 1987 (31.1/2-1/2).}) 12. Be3 ({Beter is wellicht} 12. h3 {
waarop ik} Bh5 {van plan was.} ({Dubieus is de pionwinst} 12... Nxd4 13. Nxd4
Bxd4 14. Qxd4 Bxe2 15. Re1 {gevolgd door Lg5 en wit heeft zeer goede
compensatie.})) 12... Re8 ({Sterker was} 12... Qd7 $1 {wat ik ook van plan was
toen ik tot Lg4 besloot. Slechte concentratie dus. Ik denk dat zwart hierna al
wat beter staat. De witte paarden staan passief en zwart kan bijv. een paard
naar c4 werken.}) 13. Nc2 Bf5 $1 {Beide spelers hebben 40' verbruikt. Het
tempo was 35 ztten in 1 3/ 4 uur + 15' uitvluggeren.} ({Martijn was na de
partij snel vertrokken. Met o.a. Arne, Visser en Daan Zult keken we hier nog
naar} 13... d4 14. Nbxd4 (14. Bxc6 $2 dxe3 15. Qxd8 (15. Bxe8 exf2+ {is
onspeelbaar.}) 15... exf2+ 16. Kg2 Rexd8 17. Bxb7 Rab8 18. Bf3 Rbc8 $17) 14...
Nxd4 15. Nxd4 Bxd4 $2 ({We misten hier het betere} 15... Nd5 16. Bc1 Qd7 {
en zwart staat misschien iets prettiger.}) 16. Qxd4 Qxd4 17. Bxd4 Bxe2 18. Rfe1
Ba6 19. Rxe8+ {Die deden we geloof ik niet.} Nxe8 (19... Rxe8 20. Bxa7 $16) 20.
b4 {en zwart staat verschrikkelijk.}) 14. Bxb6 Qxb6 15. Ncd4 Be4 16. Nxc6 $6 (
16. e3) 16... Qxc6 ({De suggestie van Arne, bxc6, is bij nader inzien toch
geschikter om op winst te spelen. Ik heb er geloof ik niet zo serieus naar
gekeken omdat ik vond dat ik met Dxc6 geen enkel verliesgevaar liep. Op dit
moment stond Juan de Roda heel goed, Arne iets beter (dacht ik ten onrechte)
en Gertjan verliest nooit in dit soort wedstrijden ook al staat hij soms
verdacht. Kortom, ik hoefde geen risico's te nemen.} 16... bxc6 {dus. En hoe
langer ik naar de stelling kijk, hoe beter ik mijn stelling vind. Het beste is
misschien} 17. e3 {Bijv.} (17. Rc1 Rab8 $17) 17... Bxg2 18. Kxg2 Rec8 19. Qc2
c5 20. Rfc1 Ne4 21. f3 {Misschien moet wit hier wat anders doen, maar alles
lijkt goed voor zwart.} Nd6 22. Qc3 a5 $15 {en wit kan alleen maar afwachten.})
17. Nd4 Qb6 ({Een ander idee is} 17... Qd7 {met de bedoeling om met Te5 en evt.
Th5 op koningsaanval te spelen.}) 18. b3 Rac8 19. Bh3 Rc7 20. e3 Qa6 $6 {
Hier ben ik niet tevreden over. De bedoeling was om de witte toren nog even
van de c-lijn af te houden. Een veel beter plan was} (20... Rce7 $15 {gevolgd
door Te5 en Th5.}) 21. Qd2 Bg6 {Wit nog 26', zwart 45'.} (21... Rce7) 22. Qb2
Ree7 $2 ({Alsnog} 22... Rce7) 23. Rfc1 h6 24. Bf1 Bd3 $4 {Volkomen
gedachtenloos en a tempo gespeeld. Wit heeft nog niks gedaan en krijgt het
punt in de schoot geworpen.} ({Na} 24... Qb6 {staat het gelijk.}) 25. Nf5 Red7
26. Nxh6+ Kh7 27. Nf5 $6 {Wit nog 12', zwart 30'. Makkelijker was} (27. Rxc7
Rxc7 28. Qe5 Rd7 29. Nf5 Bxf1 30. Rxf1) 27... Bxf1 28. Rxf1 Qe6 29. Nd4 Qh3 30.
Qe2 {8'} Rc3 {13'} 31. Qf3 Ng4 32. Qg2 Qh6 33. Rad1 Kg8 $2 {Voor de tweede
keer in de partij mis ik Pf5 met pionwinst.} (33... Nf6 $16) 34. Nf5 {4'} Qh5 {
1'} 35. Nd4 $2 {Martijn ziet kennelijk spoken en durft niet te slaan.} (35.
Rxd5 Rxd5 36. Ne7+ Kf8 37. Nxd5 {misschien schrok hij van de mogelijkheid} Nxh2
{maar dat faalt op} 38. g4 $1 $18) 35... a6 {Tijdnood voorbij, allebei een
kwartier om uit te vluggeren.} 36. h3 Nf6 37. g4 Qe5 38. Qh2 Qe8 {Automatisch
wil je de dames op het bord houden als je slecht staat. Toch is dat niet
altijd waar en hier misschien ook niet.} (38... Qxh2+ 39. Kxh2 Rdc7 $16) 39.
Rc1 Qc8 ({Ik speelde hier geen} 39... Rdc7 {omdat ik bang was voor} 40. Qxc7
Rxc7 41. Rxc7 {Arne vond dat ik me juist wel hierop had moeten inlaten. Bijv.}
Qe4 {met de dreiging Pxg4, maar na} 42. Rfc1 g6 (42... Nh7 43. Rc8+) 43. Rxb7
Nh7 44. Rc8+ Kg7 45. Rcc7 Ng5 46. Re7 {is zwart kansloos.}) 40. Rxc3 Qxc3 41.
Qb8+ Kh7 42. Qe5 {8' Dreigt g5 en Df5+ en Dxd7.} Rd8 $2 {10'} (42... Qc7 {
moet haast wel, met dameruil onder nog slechtere omstandigheden dan eerder in
de partij.}) (42... Qc8 43. g5 Ne4 44. f3 Nd6 45. h4 $18) 43. g5 Ne4 44. Qf5+ {
6'} (44. Qe7 $1 {was meteen uit.} Rd6 45. Qxf7 Nxg5 46. Qf5+ Rg6 47. Kh2 $18)
44... Kg8 45. h4 {5'} (45. g6 $5) 45... g6 {9'} 46. Qg4 Qc7 47. Ne2 $6 (47. Kg2
$5) 47... Qe5 $2 {Ik speel deze fase te snel omdat ik zag dat Martijn een
beetje nerveus werd. Ik had moeten gokken met} (47... Qc2 $1 {en nu
waarschijnlijk} 48. h5 ({Niet zo duidelijk is} 48. Rc1 Qxa2 49. h5 gxh5 50.
Qxh5 Qb2 51. Rc7 Qg7 52. f4 Nd6) ({of} 48. Kg2 Qxa2 49. h5 (49. Nd4 Qa3) 49...
gxh5 50. Qxh5 Rd6) 48... Nd2 49. Rc1 ({Sterk lijkt} 49. hxg6 Nxf1 (49... Qxg6
50. Rd1) 50. gxf7+ Kxf7 51. Nf4 Rd6 {maar dat durf je niet met nog een paar
minuten als een gunstig eindspel kunt bereiken.}) 49... Qe4 50. Qxe4 dxe4 51.
hxg6 fxg6 52. Rc5 Nf3+ 53. Kg2 $16) 48. Nd4 $6 (48. Rc1 $1) 48... Qc7 49. Ne2
$6 Qe5 $2 50. Rc1 {3'} Kg7 {7'} 51. Nd4 Rh8 $6 (51... Re8 $1 {met de dreiging
Pxf2.} 52. Rc2 {Wit heeft nog steeds en gezonde pluspion. Maar ik had het nog
wel willen zien met 6' tegen 3' van Martijn. Zo makkelijk is het niet.}) 52.
Rc8 Rh5 $4 {en voor de derde keer mis ik een variant met Pf5, deze keer
dodelijk.Noodzakeli jk was} (52... Rxc8 53. Qxc8 Qe7 {en zelfs dit is nog niet
zo makkelijk te winnen binnen 3' tenzij je Visser heet.}) ({We keken na afloop
nog naar} 52... Nxf2 {maar wit moet winnen na} 53. Kxf2 Qh2+ 54. Kf1 Qh1+ 55.
Ke2 Rxh4 56. Qf3 Rh2+ 57. Kd3 Qxf3 58. Nxf3 Rxa2 59. Rc7 $18) 53. f4 $18 {
de dame heeft geen goed veld.} Qe7 54. Qxh5 1-0